| 000 | 00315 a2200109 4500 | ||
|---|---|---|---|
| 082 | _a519.4 YUS | ||
| 100 | _aS. M. Yusuf | ||
| 245 |
_aMathematical Methods _cS. M. Yusuf, Muhammad Amin, Abdul Majeed |
||
| 250 | _a2 nd ed. | ||
| 260 |
_aLahore : _bIlmi Kitab Khana, _c2008 |
||
| 300 |
_ax, 554p. : _bill ., ; _c27 cm |
||
| 650 | _aMathematical Methods | ||
| 999 |
_c536 _d536 |
||